| 000 | 00452nam a22001817a 4500 | ||
|---|---|---|---|
| 003 | MPLRDC | ||
| 005 | 20220104124143.0 | ||
| 008 | 210129b ||||| |||| 00| 0 eng d | ||
| 020 | _a9971-0-0751-7 | ||
| 082 | _a176.54 YXF | ||
| 100 | _a杨新发、余展飞著 | ||
| 245 |
_a压力与心理 _c |
||
| 250 | _a初版 | ||
| 260 |
_a _b莱佛士书社 _c1997 |
||
| 300 | _b平 | ||
| 650 | _a情绪; 感情--紧张与弛缓 | ||
| 942 |
_cBK _o176.54 YXF |
||
| 999 |
_c17067 _d17057 |
||